000
00311nam a22001217a 4500
008
230703b xxu||||| |||| 00| 0 eng d
082
_a
351.9
_b
WER
100
_c
Gideon S. Were
245
_a
Leadership and Underdevelopment in Africa
260
_a
Nairobi
_b
gideon S were
_c
1983
300
_a
46p
942
_2
ddc
_c
BK
999
_c
3197
_d
3197